Participación de las mujeres en procesos de desarrollo local: ¿una contribución de la guerra civil en El Salvador? /
La autora realiza un recorrido por las vivencias de las mujeres salvadoreñas a partir de la guerra civil de El Salvador. Se busca desarrollar un planteamiento que exponga el papel de las mujeres en los actuales procesos de desarrollo local. A través de la recolección y análisis de historias de vida,...
Spremljeno u:
| Glavni autor: | |
|---|---|
| Format: | Tekst |
| Teme: | |
| Oznake: |
Dodaj oznaku
Bez oznaka, Budi prvi tko označuje ovaj zapis!
|
MARC
| LEADER | 00000 a a2200000 04500 | ||
|---|---|---|---|
| 001 | 14205 | ||
| 003 | |||
| 040 | |||
| 100 | |a Moreno, María Elena | ||
| 245 | |a Participación de las mujeres en procesos de desarrollo local: |b ¿una contribución de la guerra civil en El Salvador? / |c María Elena Moreno | ||
| 520 | |a La autora realiza un recorrido por las vivencias de las mujeres salvadoreñas a partir de la guerra civil de El Salvador. Se busca desarrollar un planteamiento que exponga el papel de las mujeres en los actuales procesos de desarrollo local. A través de la recolección y análisis de historias de vida, la autora propone posibles situaciones de empoderamiento y des-empoderamiento de las mujeres en su rol de líder. El uso de la perspectiva de género permite a la autora, llegar a conclusiones sobre los cambios en la participación de la mujer actualmente y en la época de la guerra civil salvadoreña | ||
| 650 | |a PARTICIPACION DE LA MUJER | ||
| 650 | |a DESARROLLO REGIONAL | ||
| 650 | |a MOVIMIENTO DE MUJERES | ||
| 650 | |a GUERRA CIVIL | ||
| 650 | |a ANALISIS DE GENERO | ||
| 650 | |a EL SALVADOR | ||
| 773 | |g volumen 2, número 1; páginas 89-116 | ||
| 999 | |c 26693 |d 26693 | ||
